| 000 | 00514nmm a2200169Ia 4500 | ||
|---|---|---|---|
| 008 | 251105s9999||||xx |||||||||||||||||und|| | ||
| 020 | _a9788481697704 | ||
| 041 | _aspa | ||
| 100 | _aSaoût , Yves | ||
| 245 | 0 |
_aEvangelio de Jesucristo según san Lucas : _b Cuaderno Bíblico 137 |
|
| 264 |
_a[Madrid, España] : _bEditorial Verbo Divino, _c2007 |
||
| 300 | _a120 páginas | ||
| 490 | _aCuadernos bíblicos | ||
| 650 | _aReligion(s) | ||
| 856 | _uhttps://public.digitaliapublishing.com/a/20657 | ||
| 942 | _cCF | ||
| 999 |
_c85982 _d85982 |
||